000
00296nam a22001337a 4500
008
181030b xxu||||| |||| 00| 0 eng d
020
_a
9780631215219
041
_a
eng
080
_2
3rd
_a
101
100
_a
24
101
_a
FIL
245
_a
Reformation Thought
_c
McGrath, A.E
942
_2
udc
_c
BK
999
_c
51133
_d
51133